<?xml version="1.0" encoding="UTF-8"?>
<record
    xmlns:xsi="http://www.w3.org/2001/XMLSchema-instance"
    xsi:schemaLocation="http://www.loc.gov/MARC21/slim http://www.loc.gov/standards/marcxml/schema/MARC21slim.xsd"
    xmlns="http://www.loc.gov/MARC21/slim">

  <leader>00678nam a2200217Ii 4500</leader>
  <datafield tag="999" ind1=" " ind2=" ">
    <subfield code="c">4521</subfield>
    <subfield code="d">4521</subfield>
  </datafield>
  <controlfield tag="001">2723591</controlfield>
  <controlfield tag="003">OSt</controlfield>
  <controlfield tag="005">20181206173449.0</controlfield>
  <controlfield tag="008">770207r19611971nbu           001 0 eng d</controlfield>
  <datafield tag="040" ind1=" " ind2=" ">
    <subfield code="a">CDC</subfield>
    <subfield code="c">CDC</subfield>
  </datafield>
  <datafield tag="082" ind1=" " ind2=" ">
    <subfield code="a">230</subfield>
    <subfield code="b">T757K</subfield>
  </datafield>
  <datafield tag="092" ind1=" " ind2=" ">
    <subfield code="a">231.4</subfield>
    <subfield code="b">T757K</subfield>
  </datafield>
  <datafield tag="100" ind1="1" ind2=" ">
    <subfield code="a">Tozer, A. W.</subfield>
    <subfield code="q">(Aiden Wilson),</subfield>
    <subfield code="d">1897-1963</subfield>
  </datafield>
  <datafield tag="245" ind1="1" ind2="4">
    <subfield code="a">The knowledge of the holy :</subfield>
    <subfield code="b">the attributes of God: their meaning in the Christian life /</subfield>
    <subfield code="c">by A. W. Tozer</subfield>
  </datafield>
  <datafield tag="260" ind1=" " ind2=" ">
    <subfield code="a">Lincoln, Neb. :</subfield>
    <subfield code="b">Back To the Bible Broadcast,</subfield>
    <subfield code="c">[1971, c1961]</subfield>
  </datafield>
  <datafield tag="300" ind1=" " ind2=" ">
    <subfield code="a">128 p.</subfield>
    <subfield code="c">21 cm</subfield>
  </datafield>
  <datafield tag="500" ind1=" " ind2=" ">
    <subfield code="a">Includes index</subfield>
  </datafield>
  <datafield tag="504" ind1=" " ind2=" ">
    <subfield code="a">Includes bibilography</subfield>
  </datafield>
  <datafield tag="650" ind1=" " ind2="0">
    <subfield code="a">God (Christianity)</subfield>
    <subfield code="x">Attributes</subfield>
  </datafield>
  <datafield tag="942" ind1=" " ind2=" ">
    <subfield code="2">ddc</subfield>
    <subfield code="c">BK</subfield>
  </datafield>
</record>
